| 000 | 00600nam a2200229Ia 4500 | ||
|---|---|---|---|
| 003 | OSt | ||
| 005 | 20221007081825.0 | ||
| 006 | a|||||r|||| 00| 0 | ||
| 007 | ta | ||
| 008 | 221006b |||||||| |||| 00| 0 eng d | ||
| 024 | _a10,745 | ||
| 037 | _cTextual | ||
| 040 |
_aFLL _cFLL _beng |
||
| 041 |
_2eng _aeng |
||
| 082 | _aQ2:4xJ61, F6 | ||
| 100 |
_aKane P.V. Au. _9228665 |
||
| 245 | 0 | _aVyavaharamayukha | |
| 260 |
_aPoona _bOriental research institute India _c1926 |
||
| 300 |
_a560p _ccm. |
||
| 942 |
_hQ2:4xJ61, F6 _cTEXL _2CC |
||
| 999 |
_c1164387 _d1164387 |
||